| 000 | 00566nam#a2200205#c#4500 | ||
|---|---|---|---|
| 999 |
_c12506 _d12506 |
||
| 003 | IEF | ||
| 005 | 20210923115637.0 | ||
| 008 | 950601s1969 uuu####fr####| 0||u| |u | ||
| 040 |
_aIEF _cES-MaIEF |
||
| 110 | 2 |
_aFederal Reserve Bank of Boston _931105 |
|
| 245 | _aFinancing, state and local governments | ||
| 260 | _c1969 | ||
| 490 | _aFederal Reserve Bank of Boston. Conference series ; 3 | ||
| 650 | 4 |
_950201 _aHACIENDA PUBLICA |
|
| 650 | 4 |
_945217 _aHACIENDAS LOCALES |
|
| 650 | 4 |
_942888 _aESTADOS UNIDOS |
|
| 942 |
_cLIB _2udc |
||
| 942 | _2udc | ||